[Event "Stuttgarter Stadtmeisterschaft B-Turnier"]
[Site "Ditzingen"]
[Date "2009.05.21"]
[Round "2.23"]
[White "Bay, Johannes"]
[Black "Schäfer-Siebert, Heiko"]
[Result "1/2-1/2"]
[WhiteElo "1650"]
[BlackElo "1899"]
[PlyCount "84"]
[EventDate "2009.??.??"]

1. e4 e5 2. f4 d6 3. Nf3 Nc6 4. Bc4 Be7 5. O-O Nf6 6. Nc3 Bg4 7. h3 Bxf3 8.
Qxf3 Nd4 9. Qd1 Qd7 10. d3 b5 11. Bd5 c6 12. Bb3 Nxb3 13. axb3 O-O 14. f5 a5
15. Qf3 Kh8 16. Bd2 Ng8 17. Ne2 a4 18. bxa4 Rxa4 19. Rxa4 bxa4 20. Ra1 Ra8 21.
Nc3 c5 22. b3 a3 23. Bc1 a2 24. Na4 Qb7 25. Rxa2 Nf6 26. Bd2 Kg8 27. Ra1 Nd7
28. Rc1 Nb6 29. Nc3 Ra3 30. Qg4 f6 31. h4 Bf8 32. h5 Kh8 33. Qh4 Qf7 34. h6 g5
35. fxg6 Qxg6 36. Rf1 Be7 37. Nb5 Ra8 38. Nxd6 Rg8 39. Qf2 Bxd6 40. Qxf6+ Qxf6
41. Rxf6 Rg6 42. Rf5 Kg8 1/2-1/2

[Event "Stuttgarter Stadtmeisterschaft B-Turnier"]
[Site "Ditzingen"]
[Date "2009.05.21"]
[Round "2.24"]
[White "Werner, Stefan"]
[Black "Roß, Torsten"]
[Result "1/2-1/2"]
[WhiteElo "1695"]
[BlackElo "1876"]
[PlyCount "36"]
[EventDate "2009.??.??"]

1. e4 e6 2. d4 d5 3. Nc3 Nf6 4. e5 Nfd7 5. f4 c5 6. Nf3 Nc6 7. Be3 Qb6 8. Rb1
cxd4 9. Nxd4 Bc5 10. Nce2 Qd8 11. Qd2 O-O 12. Nb3 Bxe3 13. Qxe3 f6 14. exf6
Qxf6 15. g3 Nb6 16. Bg2 Nc4 17. Qc3 Qxc3+ 18. Nxc3 Ne3 1/2-1/2

[Event "Stuttgarter Stadtmeisterschaft B-Turnier"]
[Site "Ditzingen"]
[Date "2009.05.21"]
[Round "2.25"]
[White "Boyarchenko, Vlada"]
[Black "Zikeli, Julia"]
[Result "1/2-1/2"]
[WhiteElo "1607"]
[BlackElo "1844"]
[PlyCount "55"]
[EventDate "2009.??.??"]

1. e4 c5 2. Nf3 d6 3. d4 cxd4 4. Nxd4 Nf6 5. Nc3 a6 6. Be3 e5 7. Nf3 Be7 8. Bc4
b5 9. Bb3 Bb7 10. Bd5 Qc7 11. O-O Nbd7 12. a3 Nb6 13. Bxb6 Qxb6 14. Qd2 Rc8 15.
Rac1 a5 16. Bxb7 Qxb7 17. Rfe1 Rc5 18. Rcd1 Qc6 19. Re2 O-O 20. g3 Rc8 21. Ne1
Kf8 22. Kg2 Nxe4 23. Nxe4 f5 24. f3 fxe4 25. fxe4 Rc4 26. Qd5 Qxd5 27. Rxd5
R8c5 28. Rxc5 1/2-1/2

[Event "Stuttgarter Stadtmeisterschaft B-Turnier"]
[Site "Ditzingen"]
[Date "2009.05.21"]
[Round "2.26"]
[White "Krebs, Thomas"]
[Black "Jantos, Stefan"]
[Result "0-1"]
[WhiteElo "1625"]
[BlackElo "1840"]
[PlyCount "42"]
[EventDate "2009.??.??"]

1. d4 e5 2. dxe5 Nc6 3. e3 Nxe5 4. Nf3 Nxf3+ 5. Qxf3 Nf6 6. Bd3 d5 7. h3 Bd6 8.
O-O O-O 9. Nc3 c6 10. Ne2 Re8 11. a4 Qe7 12. Rd1 Ne4 13. g4 Qh4 14. Nf4 Bxf4
15. exf4 h5 16. Be2 hxg4 17. hxg4 Bxg4 18. Qe3 Ng5 19. Qg3 Qxg3+ 20. fxg3 Bxe2
21. Re1 Nf3+ 0-1

[Event "Stuttgarter Stadtmeisterschaft B-Turnier"]
[Site "Ditzingen"]
[Date "2009.05.21"]
[Round "2.27"]
[White "Möller, Albrecht"]
[Black "Fischer, Stefan"]
[Result "1-0"]
[WhiteElo "1831"]
[BlackElo "1687"]
[PlyCount "97"]
[EventDate "2009.??.??"]

1. e4 c5 2. c3 d6 3. d4 Qc7 4. h3 e6 5. f4 a6 6. Bd3 b6 7. Nf3 Bb7 8. Be3 g6 9.
Nbd2 Bg7 10. O-O Ne7 11. g4 O-O 12. f5 exf5 13. gxf5 Bc8 14. fxg6 hxg6 15. Kg2
Nbc6 16. Qe1 Qd7 17. Qh4 f6 18. Bc4+ d5 19. exd5 Nxd5 20. dxc5 b5 21. Bb3 Na5
22. Bd4 Nxb3 23. Nxb3 g5 24. Qe4 Qxh3+ 25. Kf2 Qg4 26. Nbd2 Qxe4 27. Nxe4 Bf5
28. Nd6 Bd7 29. a3 g4 30. Nh4 f5 31. Ng6 Bxd4+ 32. cxd4 Rf6 33. Ne5 Be6 34. Rg1
Nf4 35. Rh1 Nh3+ 36. Kg2 Bd5+ 37. Kg3 Bxh1 38. Rxh1 Rd8 39. Rf1 Rdxd6 40. cxd6
Rxd6 41. Rxf5 Rxd4 42. Nxg4 Rd3+ 43. Rf3 Rxf3+ 44. Kxf3 Ng5+ 45. Ke3 Kf7 46.
Kd4 Ne6+ 47. Kd5 Ke7 48. Kc6 Kd8 49. Kb7 1-0

[Event "Stuttgarter Stadtmeisterschaft B-Turnier"]
[Site "Ditzingen"]
[Date "2009.05.21"]
[Round "2.28"]
[White "Awiszus, Thomas"]
[Black "Srokovskiy, Andrea"]
[Result "0-1"]
[WhiteElo "1539"]
[BlackElo "1809"]
[PlyCount "28"]
[EventDate "2009.??.??"]

1. Nf3 c5 2. g3 Nc6 3. d4 cxd4 4. Nxd4 e5 5. Nxc6 dxc6 6. Qxd8+ Kxd8 7. Bg2 Nf6
8. O-O Bf5 9. c4 Kc7 10. Nc3 Bb4 11. Na4 Rhd8 12. Bg5 Rd6 13. Rfd1 Rxd1+ 14.
Rxd1 Bc2 0-1

[Event "Stuttgarter Stadtmeisterschaft B-Turnier"]
[Site "Ditzingen"]
[Date "2009.05.21"]
[Round "2.29"]
[White "Wolff, Cascal"]
[Black "Köller, Horst"]
[Result "0-1"]
[WhiteElo "1802"]
[BlackElo "1603"]
[PlyCount "66"]
[EventDate "2009.??.??"]

1. f4 d6 2. Nf3 Nc6 3. e3 e5 4. fxe5 dxe5 5. Nc3 Nf6 6. Bd3 Bd6 7. O-O Qe7 8.
e4 Bg4 9. Qe1 Bxf3 10. Rxf3 Nd4 11. Rf1 c6 12. Ne2 Nxe2+ 13. Qxe2 O-O-O 14. b3
h5 15. a4 h4 16. Rf3 Nh5 17. Bc4 Bc5+ 18. Kh1 Ng3+ 19. Rxg3 hxg3 20. Qg4+ Kb8
21. Qxg3 Qh4 22. Qxh4 Rxh4 23. Bd3 Rdh8 24. h3 g5 25. Bb2 f6 26. Rf1 Be7 27.
Re1 g4 28. Bf1 gxh3 29. gxh3 c5 30. Ba3 b6 31. c3 Bf8 32. d4 cxd4 33. cxd4 Bxa3
0-1

[Event "Stuttgarter Stadtmeisterschaft B-Turnier"]
[Site "Ditzingen"]
[Date "2009.05.21"]
[Round "2.30"]
[White "Florio, Antonio"]
[Black "Witt, Holger"]
[Result "1-0"]
[WhiteElo "1776"]
[BlackElo "1555"]
[PlyCount "79"]
[EventDate "2009.??.??"]

1. d4 e6 2. Nf3 Nf6 3. g3 d5 4. Bg2 c6 5. O-O Be7 6. c4 O-O 7. Nc3 Nbd7 8. cxd5
exd5 9. a3 a5 10. Qc2 Re8 11. Re1 Bd6 12. Rb1 Ne4 13. Nxe4 dxe4 14. Ng5 Nf6 15.
Nxe4 Be7 16. Nxf6+ Bxf6 17. e3 Be6 18. b4 a4 19. b5 Bb3 20. Qd3 Qd6 21. Bd2
Qxa3 22. bxc6 bxc6 23. Bxc6 Qd6 24. Bxa8 Rxa8 25. Rxb3 axb3 26. Qxb3 g6 27. Rb1
Kg7 28. Qb7 Ra2 29. Bb4 Qe6 30. Qb8 h5 31. Bf8+ Kh7 32. Qf4 Bg7 33. Bxg7 Kxg7
34. Qe5+ Qxe5 35. dxe5 Ra7 36. h4 Re7 37. f4 Rc7 38. Kf2 Rc2+ 39. Kf3 Rc4 40.
Rb6 1-0

[Event "Stuttgarter Stadtmeisterschaft B-Turnier"]
[Site "Ditzingen"]
[Date "2009.05.21"]
[Round "2.31"]
[White "Pfeilsticker, Thorsten"]
[Black "Scheuer, Volker"]
[Result "1/2-1/2"]
[WhiteElo "1567"]
[BlackElo "1775"]
[PlyCount "41"]
[EventDate "2009.??.??"]

1. d4 d5 2. Nf3 Nf6 3. e3 c6 4. Bd3 Bg4 5. Nbd2 Nbd7 6. h3 Bh5 7. g4 Bg6 8. Qe2
Qc7 9. e4 dxe4 10. Nxe4 Nxe4 11. Bxe4 Bxe4 12. Qxe4 g6 13. c3 Nf6 14. Qc2 Bg7
15. Ne5 Nd7 16. Nxd7 Qxd7 17. Qe4 h5 18. Rg1 hxg4 19. hxg4 O-O-O 20. Be3 Qd5
21. Qxd5 1/2-1/2

[Event "Stuttgarter Stadtmeisterschaft B-Turnier"]
[Site "Ditzingen"]
[Date "2009.05.21"]
[Round "2.32"]
[White "Tölg, Wolfgang"]
[Black "Wilhelm, Jens"]
[Result "1/2-1/2"]
[WhiteElo "1762"]
[BlackElo "1542"]
[PlyCount "47"]
[EventDate "2009.??.??"]

1. e4 c5 2. Nf3 d6 3. d4 cxd4 4. Nxd4 g6 5. Bc4 Bg7 6. Be3 Nf6 7. Nc3 O-O 8.
Qd2 a6 9. a4 Nxe4 10. Nxe4 d5 11. Bd3 dxe4 12. Bxe4 e5 13. Nb3 Qxd2+ 14. Bxd2
Nd7 15. Bb4 Re8 16. O-O Nf6 17. Bd3 Bd7 18. Na5 e4 19. Be2 Nd5 20. Ba3 b6 21.
Nb7 Be6 22. c3 Bf8 23. Bxf8 Rxf8 24. Nd6 1/2-1/2

[Event "Stuttgarter Stadtmeisterschaft B-Turnier"]
[Site "Ditzingen"]
[Date "2009.05.21"]
[Round "2.33"]
[White "Maisch, Julian"]
[Black "Prinz, Philipp"]
[Result "1-0"]
[WhiteElo "1757"]
[BlackElo "1532"]
[PlyCount "45"]
[EventDate "2009.??.??"]

1. e4 c5 2. Nf3 d6 3. d4 cxd4 4. Nxd4 Nf6 5. Nc3 g6 6. Be3 Bg7 7. Be2 Nc6 8. h3
O-O 9. Qd2 a6 10. f3 Qc7 11. g4 e5 12. Nb3 b5 13. a3 Be6 14. Rc1 Bc4 15. h4
Rad8 16. Bg5 Ne7 17. h5 d5 18. Bd3 dxe4 19. Nxe4 Nxe4 20. fxe4 Qd6 21. Bxc4
Qxd2+ 22. Nxd2 bxc4 23. Bxe7 1-0

[Event "Stuttgarter Stadtmeisterschaft B-Turnier"]
[Site "Ditzingen"]
[Date "2009.05.21"]
[Round "2.34"]
[White "Matic, Marijo"]
[Black "Steiert, Roland"]
[Result "0-1"]
[WhiteElo "1491"]
[BlackElo "1735"]
[PlyCount "142"]
[EventDate "2009.??.??"]

1. e4 e6 2. d4 d5 3. Nd2 Nf6 4. e5 Nfd7 5. Ngf3 c5 6. c3 Nc6 7. Bd3 Qb6 8. Qa4
a6 9. O-O Qa7 10. dxc5 Nxc5 11. Qc2 Nxd3 12. Qxd3 Be7 13. Nb3 f6 14. Re1 O-O
15. Be3 b6 16. Nbd4 Nd8 17. Bf4 Bd7 18. exf6 Bxf6 19. Ne5 Be8 20. Qg3 Kh8 21.
Qh3 Qe7 22. Re2 g5 23. Bd2 Bxe5 24. Rxe5 Qf6 25. Qe3 Ra7 26. Rxg5 Bg6 27. Re1
Nf7 28. Rg3 e5 29. Nf3 Re7 30. Nd4 Rfe8 31. Nf3 d4 32. Qe2 h6 33. Qxa6 d3 34.
Be3 Re6 35. Nd2 Rb8 36. Qa7 Ree8 37. Qd7 Bf5 38. Rf3 Nd6 39. a3 Re7 40. Qa4 b5
41. Qb4 Rc8 42. Bc5 Qg5 43. Be3 Qg6 44. Rg3 Qf6 45. Bxh6 Qxh6 46. Ree3 Rg7 47.
Rxg7 Kxg7 48. a4 Rh8 49. h3 Kh7 50. axb5 Rg8 51. g4 Qe6 52. Kf1 Qd5 53. f3 Bg6
54. b6 Rd8 55. b3 Qe6 56. Qc5 Nf7 57. b7 Qf6 58. Qc7 Qh4 59. Kg2 Qh6 60. Kf2
Qxh3 61. b8=Q Qh2+ 62. Kf1 Rxb8 63. Qxb8 Qh1+ 64. Kf2 Qh2+ 65. Kf1 Qxd2 66. Re1
Qh2 67. Qa7 d2 68. Qe3 Qh1+ 69. Kf2 Qh4+ 70. Kf1 dxe1=Q+ 71. Qxe1 Bd3+ 0-1

[Event "Stuttgarter Stadtmeisterschaft B-Turnier"]
[Site "Ditzingen"]
[Date "2009.05.21"]
[Round "2.35"]
[White "Domingos, Antonio"]
[Black "Zimmermann, Tobias"]
[Result "0-1"]
[WhiteElo "1504"]
[BlackElo "1729"]
[PlyCount "76"]
[EventDate "2009.??.??"]

1. e4 c5 2. Nf3 d6 3. d4 cxd4 4. Nxd4 Nf6 5. Nc3 a6 6. Be3 e6 7. f3 Qc7 8. Qd2
Nbd7 9. O-O-O b5 10. b4 Bb7 11. g4 Rc8 12. Kb2 Nb6 13. a3 Qxc3+ 14. Qxc3 Na4+
15. Kc1 Rxc3 16. Rd3 Rxd3 17. Bxd3 Nd7 18. Kd2 Nab6 19. Rc1 Be7 20. Bf2 O-O 21.
h4 Rc8 22. g5 Ne5 23. Ra1 Nbc4+ 24. Bxc4 Nxc4+ 25. Kd3 d5 26. f4 dxe4+ 27. Ke2
g6 28. h5 Bd6 29. Bg3 e5 30. fxe5 Bxe5 31. Bxe5 Nxe5 32. Ke3 Nf3 33. Nxf3 exf3
34. Rc1 gxh5 35. Kd2 Be4 36. Ke3 Rxc2 37. Rxc2 Bxc2 38. Kxf3 Kg7 0-1

[Event "Stuttgarter Stadtmeisterschaft B-Turnier"]
[Site "Ditzingen"]
[Date "2009.05.21"]
[Round "2.36"]
[White "Ruff, Robert"]
[Black "Hegel, Pius"]
[Result "0-1"]
[WhiteElo "1725"]
[BlackElo "1526"]
[PlyCount "48"]
[EventDate "2009.??.??"]

1. d4 d5 2. c4 e5 3. dxe5 d4 4. Nf3 Nc6 5. g3 Bg4 6. Bg2 Nge7 7. O-O Ng6 8.
Nbd2 Qd7 9. a3 Be7 10. Ne4 O-O 11. Neg5 Ngxe5 12. Qc2 Bf5 13. Qa4 Rad8 14. Nxe5
Nxe5 15. Qxd7 Rxd7 16. Bxb7 Nxc4 17. Nf3 Na5 18. Ba6 Nb3 19. Ra2 Be6 20. Ne5
Rd6 21. Bc4 Bxc4 22. Nxc4 Rc6 23. Nd2 Nxc1 24. Re1 Nxa2 0-1

[Event "Stuttgarter Stadtmeisterschaft B-Turnier"]
[Site "Ditzingen"]
[Date "2009.05.21"]
[Round "2.37"]
[White "Knolmayer, Volker"]
[Black "Zeyer, Gabriel"]
[Result "1-0"]
[WhiteElo "1700"]
[BlackElo "1461"]
[PlyCount "97"]
[EventDate "2009.??.??"]

1. e4 e6 2. Be2 Nf6 3. e5 Nd5 4. c4 Ne7 5. d4 d6 6. Nf3 Ng6 7. O-O Nc6 8. exd6
cxd6 9. Nc3 Be7 10. d5 Nb4 11. a3 Na6 12. b4 b6 13. c5 exd5 14. Bxa6 Bxa6 15.
Qa4+ Qd7 16. Qxa6 dxc5 17. bxc5 bxc5 18. Qb5 Qxb5 19. Nxb5 O-O 20. Nc7 Rad8 21.
Bg5 Rd7 22. Bxe7 Nxe7 23. Nb5 a6 24. Nc3 Rb8 25. Rab1 Rdb7 26. Rxb7 Rxb7 27.
Re1 f6 28. Na4 Rc7 29. Nxc5 Rxc5 30. Rxe7 Rc1+ 31. Re1 Rxe1+ 32. Nxe1 Kf7 33.
Kf1 Ke6 34. Ke2 Ke5 35. Kd3 g5 36. Nc2 h5 37. Nb4 g4 38. Nxa6 h4 39. a4 f5 40.
Nb4 f4 41. a5 Kd6 42. a6 g3 43. fxg3 h3 44. gxh3 f3 45. Ke3 Kc5 46. a7 Kxb4 47.
a8=Q d4+ 48. Kxd4 f2 49. Qf8+ 1-0

[Event "Stuttgarter Stadtmeisterschaft B-Turnier"]
[Site "Ditzingen"]
[Date "2009.05.21"]
[Round "2.38"]
[White "Rieder, Josef"]
[Black "Schulz, Zdravko"]
[Result "1-0"]
[WhiteElo "1879"]
[BlackElo "1329"]
[PlyCount "77"]
[EventDate "2009.??.??"]

1. e4 e5 2. Nf3 Nc6 3. Bb5 d6 4. h3 g6 5. d4 exd4 6. Nxd4 Bd7 7. O-O Bg7 8. c3
Qh4 9. Nf3 Qh5 10. Be2 Qa5 11. Nbd2 b5 12. Nb3 Qb6 13. Be3 Qb7 14. Nbd4 a6 15.
Nd2 Nf6 16. f4 Nxd4 17. Bxd4 O-O 18. Bf3 Bc6 19. Qc2 d5 20. e5 Ne4 21. Nb3 Bd7
22. Bxe4 dxe4 23. Nc5 Qd5 24. Nxd7 Qxd7 25. Qxe4 Rfe8 26. Qf3 h5 27. Rad1 Qe6
28. b3 Rad8 29. Rde1 c6 30. Rd1 f5 31. Bb6 Rd7 32. Rxd7 Qxd7 33. Rd1 Qb7 34.
Bc5 Bf8 35. Bxf8 Kxf8 36. Rd6 Kf7 37. Rxc6 Re6 38. Rxe6 Qxf3 39. Rf6+ 1-0

[Event "Stuttgarter Stadtmeisterschaft B-Turnier"]
[Site "Ditzingen"]
[Date "2009.05.21"]
[Round "2.39"]
[White "Herdt, Wladimir"]
[Black "Geilfuß, Alexander"]
[Result "1-0"]
[WhiteElo "1862"]
[BlackElo "1555"]
[PlyCount "73"]
[EventDate "2009.??.??"]

1. d4 d5 2. c4 e6 3. e3 Nf6 4. Nc3 c6 5. Nf3 Nbd7 6. Bd3 dxc4 7. Bxc4 b5 8. Bd3
a6 9. O-O c5 10. Ne4 Bb7 11. Nxf6+ Nxf6 12. Qe2 cxd4 13. Rd1 Bd6 14. Nxd4 O-O
15. b3 h5 16. Bb2 Bxh2+ 17. Kxh2 Ng4+ 18. Kg1 Qh4 19. Nf3 Bxf3 20. Qxf3 Qh2+
21. Kf1 Qc7 22. Qe4 g6 23. f3 Nh6 24. Be5 Qb6 25. Qf4 Kh7 26. Qf6 Rg8 27. Bd4
Qd6 28. Be5 Qb6 29. Ke2 Rad8 30. Bd4 Qd6 31. Rh1 Qg3 32. Rag1 Rd5 33. Rh3 Qd6
34. Rgh1 Qa3 35. Bb1 Qa5 36. Bxg6+ Rxg6 37. Qh8# 1-0

[Event "Stuttgarter Stadtmeisterschaft B-Turnier"]
[Site "Ditzingen"]
[Date "2009.05.21"]
[Round "2.41"]
[White "Stadler, Marcus"]
[Black "Spiegelberg, Silvia"]
[Result "1-0"]
[WhiteElo "1828"]
[BlackElo "1553"]
[PlyCount "105"]
[EventDate "2009.??.??"]

1. e4 e5 2. Nf3 Nc6 3. d4 exd4 4. Nxd4 Bc5 5. Nxc6 bxc6 6. Bc4 Ne7 7. Qh5 d5 8.
Bd3 dxe4 9. Bc4 Nd5 10. Nc3 Be6 11. Nxe4 Bb4+ 12. c3 Be7 13. Bg5 Rb8 14. Bb3
Bxg5 15. Nxg5 Nf4 16. Nxe6 Nxh5 17. Nxd8 Rxd8 18. O-O O-O 19. Rfe1 Rfe8 20. Ba4
Nf6 21. Rxe8+ Rxe8 22. Bxc6 Re2 23. b3 h6 24. f3 Nh5 25. g3 Nf6 26. Rd1 Rxa2
27. Rd8+ Kh7 28. Rc8 Ra3 29. Ba4 Ra1+ 30. Kg2 Nd5 31. c4 Ra2+ 32. Kh3 Ne3 33.
Rxc7 Nf1 34. Kg4 Nxh2+ 35. Kf4 g5+ 36. Ke3 Nf1+ 37. Kd3 Kg6 38. Rxa7 Nxg3 39.
c5 Rf2 40. c6 Rxf3+ 41. Kc4 Ne4 42. c7 f5 43. Ra6+ Kh5 44. Bc6 Nd6+ 45. Kc5
Ne4+ 46. Bxe4 fxe4 47. Kd4 Rf8 48. Kxe4 g4 49. Rc6 Re8+ 50. Kf4 Rf8+ 51. Kg3
Rc8 52. b4 Kg5 53. b5 1-0

[Event "Stuttgarter Stadtmeisterschaft B-Turnier"]
[Site "Ditzingen"]
[Date "2009.05.21"]
[Round "2.42"]
[White "Zaytsev, Evgeny"]
[Black "Brittschock-Schrall, Bärbel"]
[Result "1/2-1/2"]
[WhiteElo "1810"]
[BlackElo "1542"]
[PlyCount "58"]
[EventDate "2009.??.??"]

1. e4 e5 2. Nf3 Nc6 3. Bb5 Nge7 4. c3 d6 5. h3 Be6 6. O-O a6 7. Ba4 Qc8 8. d4
b5 9. Bc2 exd4 10. cxd4 h6 11. Bf4 Ng6 12. Bg3 Be7 13. e5 Bf5 14. Re1 O-O 15.
a4 Nb4 16. Be4 d5 17. Bxf5 Qxf5 18. Re2 Nf4 19. Bxf4 Qxf4 20. e6 Rfe8 21. exf7+
Kxf7 22. Ne5+ Kg8 23. Ra3 Bd6 24. Rf3 Qg5 25. Nf7 Qg6 26. Nxd6 Rxe2 27. Rb3 Qe6
28. Kf1 Qxd6 29. Qxe2 bxa4 1/2-1/2

[Event "Stuttgarter Stadtmeisterschaft B-Turnier"]
[Site "Ditzingen"]
[Date "2009.05.21"]
[Round "2.43"]
[White "Straub, Reiner"]
[Black "Giugno, Carmelo"]
[Result "1-0"]
[WhiteElo "1736"]
[BlackElo "1549"]
[PlyCount "79"]
[EventDate "2009.??.??"]

1. e4 e6 2. d4 d5 3. exd5 exd5 4. Bd3 c5 5. Nf3 c4 6. Be2 Nf6 7. O-O Be7 8. b3
b5 9. a4 bxa4 10. bxc4 dxc4 11. Rxa4 Bd7 12. Rxc4 Bb5 13. Rc3 Bxe2 14. Qxe2 O-O
15. Rb3 Re8 16. Qb5 Nbd7 17. Qd3 Bf8 18. Ba3 Qc7 19. Bxf8 Kxf8 20. Nbd2 Rad8
21. Qc3 Qf4 22. Rbb1 g5 23. Rfe1 g4 24. g3 Qh6 25. Nh4 Qg5 26. Qa3+ Kg8 27. Qc1
Rxe1+ 28. Qxe1 Re8 29. Qd1 Nd5 30. Rb5 Ne5 31. Rxd5 Nf3+ 32. Qxf3 Qxd2 33.
Qxg4+ Kf8 34. Nf5 Qe1+ 35. Kg2 Qe4+ 36. Qxe4 Rxe4 37. Rd8+ Re8 38. Rxe8+ Kxe8
39. Kf3 a5 40. Nd6+ 1-0

[Event "Stuttgarter Stadtmeisterschaft B-Turnier"]
[Site "Ditzingen"]
[Date "2009.05.21"]
[Round "2.44"]
[White "Hennig, Jan"]
[Black "Lebeda, Lukas"]
[Result "1/2-1/2"]
[WhiteElo "1534"]
[BlackElo "1710"]
[PlyCount "46"]
[EventDate "2009.??.??"]

1. c4 c5 2. Nc3 Nf6 3. Nf3 Nc6 4. g3 g6 5. Bg2 Bg7 6. O-O O-O 7. d3 Rb8 8. Rb1
a6 9. a3 b5 10. cxb5 axb5 11. b4 cxb4 12. axb4 d5 13. e4 dxe4 14. dxe4 Bg4 15.
Qc2 Bxf3 16. Bxf3 Nd4 17. Qd3 Nxf3+ 18. Qxf3 Qd7 19. Rd1 Qg4 20. Qxg4 Nxg4 21.
Nd5 Rfe8 22. Bb2 Bxb2 23. Rxb2 e6 1/2-1/2

[Event "Stuttgarter Stadtmeisterschaft B-Turnier"]
[Site "Ditzingen"]
[Date "2009.05.21"]
[Round "2.45"]
[White "Trobonjaca, Milos"]
[Black "Gorb, Eugeniusz"]
[Result "0-1"]
[WhiteElo "1665"]
[BlackElo "1537"]
[PlyCount "80"]
[EventDate "2009.??.??"]

1. Nf3 d5 2. d4 e6 3. Bg5 Be7 4. Bf4 c5 5. c3 Nc6 6. e3 a6 7. Nbd2 Nf6 8. Ne5
O-O 9. f3 Nh5 10. g3 f6 11. Nxc6 bxc6 12. Qc2 Bd6 13. Bxd6 Qxd6 14. O-O-O c4
15. g4 Nf4 16. exf4 a5 17. f5 a4 18. a3 Bd7 19. Kb1 Ra7 20. Ka1 Rb8 21. h4 Rab7
22. Rb1 Rb3 23. Be2 Rxa3+ 24. bxa3 Qxa3+ 25. Qa2 Qxc3+ 26. Rb2 a3 27. Rhb1 Ra8
28. Nxc4 dxc4 29. Bxc4 axb2+ 30. Rxb2 Rxa2+ 31. Bxa2 Kf7 32. Bb3 Qxd4 33. Ka2
c5 34. Re2 c4 35. Re4 cxb3+ 36. Kxb3 Qd3+ 37. Kb4 Qxf3 38. fxe6+ Bxe6 39. Rd4
Qb3+ 40. Kc5 Qc3+ 0-1

[Event "Stuttgarter Stadtmeisterschaft B-Turnier"]
[Site "Ditzingen"]
[Date "2009.05.21"]
[Round "2.46"]
[White "Weisensel, Wolfgang"]
[Black "Kreutz, Daniel"]
[Result "1/2-1/2"]
[WhiteElo "1531"]
[BlackElo "1663"]
[PlyCount "62"]
[EventDate "2009.??.??"]

1. d4 Nf6 2. Nf3 e6 3. c4 b6 4. e3 Bb7 5. Be2 d5 6. O-O c5 7. Nbd2 Be7 8. b3
O-O 9. Bb2 Nc6 10. cxd5 Nxd5 11. Nc4 Rc8 12. Nce5 cxd4 13. Nxc6 Bxc6 14. Bxd4
Ba3 15. Rb1 Bb7 16. Bb2 Qe7 17. Qd4 Bxb2 18. Qxb2 Nc3 19. Rbc1 Nxe2+ 20. Qxe2
Qf6 21. Rfd1 Rfd8 22. Rxd8+ Qxd8 23. Rxc8 Qxc8 24. h3 f6 25. Kh2 Qa8 26. Ne1 e5
27. f3 e4 28. f4 Qc8 29. Qc2 Qd7 30. Qe2 Qe7 31. Nc2 Qc5 1/2-1/2

[Event "Stuttgarter Stadtmeisterschaft B-Turnier"]
[Site "Ditzingen"]
[Date "2009.05.21"]
[Round "2.47"]
[White "Penzkofer, Ralf"]
[Black "Steimbach, Isabel"]
[Result "1-0"]
[WhiteElo "1662"]
[BlackElo "1510"]
[PlyCount "73"]
[EventDate "2009.??.??"]

1. d4 d5 2. c4 dxc4 3. Nc3 Nf6 4. e3 Bf5 5. Bxc4 e6 6. Nf3 c5 7. O-O Qc7 8. Qe2
Bd6 9. e4 cxd4 10. Nb5 Qc6 11. Nxd6+ Qxd6 12. exf5 O-O 13. fxe6 fxe6 14. Qxe6+
Qxe6 15. Bxe6+ Kh8 16. Nxd4 Na6 17. Be3 Nc5 18. Bf5 g6 19. Ne6 Nxe6 20. Bxe6
Rfe8 21. Bb3 a6 22. Bd4 Kg7 23. Rac1 Re7 24. Rfe1 Rd7 25. Bc3 Rf8 26. Rcd1 Rxd1
27. Rxd1 Kh6 28. f3 g5 29. Rd6 Kg6 30. Bc2+ Kg7 31. Bxf6+ Rxf6 32. Rxf6 Kxf6
33. Bxh7 a5 34. Kf2 Ke5 35. Ke3 b6 36. g3 Ke6 37. Ke4 1-0

[Event "Stuttgarter Stadtmeisterschaft B-Turnier"]
[Site "Ditzingen"]
[Date "2009.05.21"]
[Round "2.48"]
[White "Sigmund, Wolfgang"]
[Black "Strauss, Martin"]
[Result "0-1"]
[WhiteElo "1484"]
[BlackElo "1660"]
[PlyCount "102"]
[EventDate "2009.??.??"]

1. d4 d5 2. c4 e6 3. Nc3 Nf6 4. Bg5 Nbd7 5. Nf3 c6 6. e3 Be7 7. Qc2 O-O 8. Bd3
dxc4 9. Bxc4 Nd5 10. Bxe7 Qxe7 11. O-O h6 12. e4 Nxc3 13. Qxc3 e5 14. dxe5 Nc5
15. Rfe1 Bg4 16. Rad1 Rae8 17. b4 Na4 18. Qd4 Nb6 19. Bb3 Bxf3 20. gxf3 Qxe5
21. Qc5 Re7 22. Qxe5 Rxe5 23. Rd3 Rfe8 24. Red1 Kf8 25. Rd8 Ke7 26. Rxe8+ Kxe8
27. Rd4 Rg5+ 28. Kf1 Rh5 29. Kg2 Ke7 30. f4 a5 31. Bd1 Rb5 32. a3 axb4 33. axb4
Nd7 34. Be2 Rb6 35. Bg4 Nf6 36. Be2 Ne8 37. Bg4 Nf6 38. Be2 g5 39. Kg3 c5 40.
bxc5 Rb3+ 41. f3 Nh5+ 42. Kg4 Nxf4 43. Bc4 Rb4 44. e5 Ne6 45. Re4 Nxc5 46. Rd4
Ne6 47. Re4 b5 48. Bd3 Rxe4+ 49. Bxe4 Nc5 50. Bf5 Ne6 51. Kh5 Ng7+ 0-1

[Event "Stuttgarter Stadtmeisterschaft B-Turnier"]
[Site "Ditzingen"]
[Date "2009.05.21"]
[Round "2.49"]
[White "Helmbrecht, Kurt"]
[Black "Schmidt, Heiko"]
[Result "1/2-1/2"]
[WhiteElo "1657"]
[BlackElo "1493"]
[PlyCount "39"]
[EventDate "2009.??.??"]

1. e4 b6 2. d4 Bb7 3. Bd3 Nf6 4. Nc3 e6 5. Qe2 Bb4 6. Bd2 O-O 7. Nf3 Re8 8. O-O
c5 9. a3 Bxc3 10. Bxc3 d5 11. e5 Ne4 12. Qd1 Nc6 13. dxc5 Nxc3 14. bxc3 bxc5
15. c4 Qc7 16. Qe2 Rf8 17. Ng5 h6 18. Nh7 Rfd8 19. Nf6+ Kf8 20. f4 1/2-1/2

[Event "Stuttgarter Stadtmeisterschaft B-Turnier"]
[Site "Ditzingen"]
[Date "2009.05.21"]
[Round "2.50"]
[White "Winterkorn, Nikolaus"]
[Black "Lörincz, Peter"]
[Result "0-1"]
[WhiteElo "1449"]
[BlackElo "1650"]
[PlyCount "167"]
[EventDate "2009.??.??"]

1. Nf3 b6 2. e4 Bb7 3. Nc3 g6 4. d4 Bg7 5. Bc4 e6 6. Be3 Ne7 7. O-O O-O 8. Rb1
d6 9. h3 c5 10. Qd3 Qc7 11. d5 e5 12. Qe2 Nd7 13. Nb5 Qb8 14. Bg5 f6 15. Bh4 a6
16. Nc3 b5 17. Nxb5 axb5 18. Bxb5 Qc8 19. a4 Ba6 20. b3 Bxb5 21. axb5 Nb6 22.
c4 g5 23. Bg3 Ng6 24. Ra1 Qb7 25. Qb2 h6 26. Nd2 Nf4 27. Qc2 Rxa1 28. Rxa1 Ra8
29. Rb1 Ra3 30. Nf1 Nc8 31. f3 Ne7 32. Be1 Neg6 33. Ne3 Ne7 34. Kh2 Nfg6 35.
Bg3 h5 36. Be1 Qa7 37. Rb2 h4 38. Bc3 Nf8 39. Nd1 Qa8 40. Rb1 Nd7 41. Bb2 Ra7
42. Nc3 Nb6 43. Bc1 Nec8 44. Be3 Qb7 45. Bc1 Qf7 46. Be3 Kh7 47. Bc1 Kg6 48.
Nd1 Qb7 49. Nf2 Bf8 50. Ng4 Be7 51. Be3 Bd8 52. Bf2 Qa8 53. Rb2 Nd7 54. Qd2 Kh5
55. Ne3 Nf8 56. Qe2 Kg6 57. Qc2 Ba5 58. Nd1 Bb4 59. Be3 Ra1 60. Rb1 Nb6 61. Nb2
Rxb1 62. Qxb1 Bc3 63. Bc1 Bd4 64. Qc2 Qa1 65. Qd2 Kh5 66. Qc2 Ng6 67. Na4 Nxa4
68. bxa4 Nf8 69. Qd1 Bf2 70. f4+ Kg6 71. f5+ Kg7 72. Qc2 Bg3+ 73. Kg1 Bf4 74.
Qb2 Qxa4 75. Bxf4 exf4 76. Qe2 Kh6 77. Kh2 Nd7 78. Qd3 Qb4 79. Qd1 Qa3 80. Qb1
Qg3+ 81. Kg1 Ne5 82. b6 f3 83. Qc2 Qe1+ 84. Kh2 0-1

[Event "Stuttgarter Stadtmeisterschaft B-Turnier"]
[Site "Ditzingen"]
[Date "2009.05.21"]
[Round "2.51"]
[White "Gheng, Hannelore"]
[Black "Grunow, Carmen"]
[Result "1-0"]
[WhiteElo "1649"]
[BlackElo "1486"]
[PlyCount "73"]
[EventDate "2009.??.??"]

1. e4 e5 2. Nf3 Nc6 3. Bc4 Nf6 4. d4 exd4 5. O-O d6 6. Ng5 Ne5 7. Qxd4 Nxc4 8.
Qxc4 d5 9. exd5 Qxd5 10. Re1+ Be6 11. Qxd5 Nxd5 12. Nxe6 fxe6 13. Rxe6+ Be7 14.
Re5 Nf6 15. Nc3 Kf7 16. Be3 Bd6 17. Rf5 Kg6 18. Rg5+ Kf7 19. Nb5 h6 20. Nxd6+
cxd6 21. Rb5 b6 22. Rd1 Rhd8 23. Bf4 g5 24. Bg3 Ne4 25. Rb3 Rac8 26. Rf3+ Kg6
27. c3 h5 28. Rfd3 Rc6 29. f3 Nxg3 30. hxg3 Kf7 31. Rd5 Kf6 32. Kf2 Rd7 33.
R1d3 a6 34. f4 gxf4 35. gxf4 Kg6 36. Rg5+ Kh6 37. Rh3 1-0